01423nam a22003497a 4500003000500000005001700005008004100022010001000063011001000073035001000083040000900093090001000102100004000112245010700152260004000259300002700299502007100326590003700397590004100434590004100475590004100516590004200557650004100599650004100640901000700681942000900688949004300697949005500740999001700795952013300812952012800945CHAP20220329135859.0971013s1995 r 00010 d a43731 a44703 a48841 cCHAP aTesis00aMartínez Nieves, Pablín.972344 aZonificación agroecológica del cultivo de chile (Capsicum annum L.) en la costa grande de Guerrero aChapingo, Méx. :bEl autor,c1995 a92 h.b: ilus. ; anexo aTesis (Ing. en Agroecología) -- UACH. Programa de Agroecología aALEPHb10c20130110lUCH01h1312 aBATCH-UPDb10c20130110lUCH01h1903 aBATCH-UPDb10c20130410lUCH01h1231 aBATCH-UPDb10c20130914lUCH01h0923 aCONVERSIONb10c20130109lUCH01h132414aChile (Botánica)xGuerrero.92236614aCultivosxZonas dexGuerrero.930345 aBK cFOLL bBCcTESd-110410eTS1h28058i48841si bBCcTESd33724000004602eTS2fc.2h28059i48841si c43731d43731 00102local4053708TESISaBCbBCcPA_TESISd2019-12-31fTESISl0p33724000004602r2019-12-31 00:00:00tc.2w2019-12-31yTESIS 00102local4051708TESISaBCbBCcPA_TESISd2019-12-31fTESISl0oTesisp-110410r2019-12-31 00:00:00w2019-12-31yTESIS